Zgadnij przed czym jest ta fobia - Statystyki

Ogólne statystyki
  • Ten quiz został rozwiązany 55 razy
  • Średni wynik to 4 z 15
Statystyki odpowiedzi
Nazwa fobii Nazwa rzeczy % Poprawnych
Arachnofobia Pająk
96%
Tanatofobia Śmierć
38%
Nyktofobia Ciemność
34%
Papirofobia Papier
34%
Aerofobia Powietrze
34%
Klaustrofobia Ciasne pomieszczenia
28%
Fotofobia Światło
26%
Akrofobia Wysokość
26%
Fobofobia Fobia
23%
Trypofobia Dziury
13%
Tritskadelofobia 13
6%
Nelofobia Szkło
4%
Talassofobia Głębia morska
0%
Anglofobia Kultura angielska
0%
Agorafobia Społeczność
0%
Nie znaleziono quizów pasujących do podanych kryteriów
Rozkład punktacji
Procent ludzi z każdym wynikiem
Percentyl według liczby udzielonych odpowiedzi
Twoja historia wyników
Nie rozwiązałeś tego quizu